000
00300nam a2200109Ia 4500
008
191201s2012 xx 000 0 und d
100
_a
SRIVASTAVA, Priti
245
0
_a
Computer Applications in mechanical engineering
260
_c
2012
_b
Ishan Publications
_a
NEW DELHI
300
_a
152
942
_2
ddc
_c
BK
999
_c
8104
_d
8104